000 00318nam a22001337a 4500
008 181030b xxu||||| |||| 00| 0 eng d
020 _a9781572306783
041 _aeng
080 _a610
100 _a4
101 _aSHM
245 _aHandbook of Diagnostic and Structured Interviewing
_cRogers, R
942 _2udc
_cBK
999 _c51156
_d51156